[Event "Canadian op U2000"]
[Site "Windsor"]
[Date "2016.07.15"]
[Round "6.38"]
[White "Deimert, David"]
[Black "Lee, Stefano"]
[Result "1-0"]
[WhiteElo "1650"]
[BlackElo "1490"]
[PlyCount "77"]
[EventDate "2016.07.10"]
[EventType "swiss"]
[EventRounds "9"]
[EventCountry "CAN"]
[SourceTitle "EXT 2022"]
[Source "ChessBase"]
[SourceDate "2021.10.06"]
[SourceVersion "1"]
[SourceVersionDate "2021.10.06"]
[SourceQuality "1"]

1. e4 c6 2. d4 d5 3. e5 Bf5 4. c4 e6 5. Nc3 Nd7 6. Nf3 Bg6 7. a3 Be7 8. cxd5 exd5 9. Be2 Qc7 10. 0-0 Nh6 11. Bf4 Nb6 12. Bxh6 gxh6 13. Qd2 h5 14. Qh6 0-0-0 15. Nd2 h4 16. Bg4+ Kb8 17. Nf3 Rdg8 18. Bh3 Qd8 19. Qf4 Ka8 20. b3 Rg7 21. Rfe1 Rhg8 22. e6 Bh5 23. Kh1 Nc8 24. b4 Nd6 25. a4 f5 26. Qe5 Bf6 27. Qe3 Qe7 28. b5 cxb5 29. axb5 Nc4 30. Qf4 Bxf3 31. Qxf3 Bxd4 32. Nxd5 Qd6 33. Ra4 Ne5 34. Qf4 Qxd5 35. Qxd4 Qxd4 36. Rxd4 Rc7 37. Bxf5 a6 38. h3 Nc4 39. e7 1-0

[Event "CAN-ch U16"]
[Site "Windsor"]
[Date "2015.07.09"]
[Round "7.7"]
[White "Yu, Zong Yang"]
[Black "Lee, Stefano"]
[Result "1-0"]
[WhiteElo "2350"]
[BlackElo "1444"]
[PlyCount "47"]
[EventDate "2015.07.06"]
[EventType "swiss"]
[EventRounds "7"]
[EventCountry "CAN"]
[SourceTitle "EXT 2022"]
[Source "ChessBase"]
[SourceDate "2021.10.06"]
[SourceVersion "1"]
[SourceVersionDate "2021.10.06"]
[SourceQuality "1"]

1. d4 d5 2. c4 c6 3. Nf3 Nf6 4. Nc3 e6 5. cxd5 exd5 6. Qc2 Bd6 7. Bg5 h6 8. Bh4 0-0 9. e3 c5 10. Bxf6 Qxf6 11. Nxd5 Qe6 12. Nc3 cxd4 13. Nxd4 Qf6 14. Be2 Nc6 15. Nxc6 bxc6 16. 0-0 Qh4 17. g3 Qh3 18. Bf3 Bb7 19. Rfd1 Be5 20. Bg2 Qg4 21. Rac1 h5 22. h3 Qe6 23. Ne4 Bc7 24. Nc5 1-0

[Event "Toronto NAYCC U14"]
[Site "Toronto"]
[Date "2013.08.18"]
[Round "9"]
[White "Lee, Stefano"]
[Black "Kong, Aaron"]
[Result "0-1"]
[WhiteElo "922"]
[BlackElo "1154"]
[PlyCount "174"]
[EventDate "2013.08.14"]
[EventType "swiss"]
[EventRounds "9"]
[EventCountry "CAN"]
[SourceTitle "EXT 2022"]
[Source "ChessBase"]
[SourceDate "2021.10.06"]
[SourceVersion "1"]
[SourceVersionDate "2021.10.06"]
[SourceQuality "1"]

1. e4 c6 2. d4 d5 3. exd5 cxd5 4. c4 e6 5. Nf3 Nf6 6. c5 b6 7. Bb5+ Bd7 8. Qa4 Bxb5 9. Qxb5+ Qd7 10. Nc3 bxc5 11. Ne5 Qxb5 12. Nxb5 Na6 13. 0-0 cxd4 14. Nxd4 Bd6 15. Nec6 Bc5 16. Nb5 Nb8 17. Na5 Bb6 18. Nd6+ Ke7 19. Nab7 Nc6 20. Bf4 Nd8 21. Rfe1 Bc7 22. Rac1 Ne8 23. Bg5+ f6 24. Bxf6+ Kxf6 25. Nxe8+ Rxe8 26. Rxc7 Nxb7 27. Rxb7 Reb8 28. Rxb8 Rxb8 29. b3 d4 30. Rd1 Rc8 31. Kf1 Rd8 32. Rd3 e5 33. f3 Kf5 34. g3 Rd7 35. a4 a5 36. Ke2 e4 37. fxe4+ Kxe4 38. h3 Rc7 39. Kd2 Rf7 40. Ke2 Rf2+ 41. Kxf2 Kxd3 42. b4 axb4 43. a5 b3 44. a6 b2 45. a7 b1Q 46. a8Q Qc2+ 47. Kf3 Qe2+ 48. Kf4 Qe3+ 49. Kf5 Qf2+ 50. Kg4 Qe2+ 51. Kf4 Qe3+ 52. Kf5 Ke2 53. Qa2+ Qd2 54. Qe6+ Qe3 55. Qa2+ Kf3 56. Qd5+ Kf2 57. Qa2+ Kxg3 58. Qa7 Qf4+ 59. Ke6 Qf6+ 60. Kd5 Kxh3 61. Qd7+ Kh4 62. Qa4 Qf5+ 63. Kd6 Qf6+ 64. Kd5 Kg5 65. Qa1 Kg6 66. Kc4 Qe6+ 67. Kd3 Qe3+ 68. Kc4 Qc3+ 69. Qxc3 dxc3 70. Kxc3 h5 71. Kd3 Kf5 72. Ke2 Kf4 73. Kf2 g5 74. Kg2 h4 75. Kh2 g4 76. Kg2 h3+ 77. Kf2 g3+ 78. Kf1 g2+ 79. Kf2 Kg4 80. Kg1 Kf3 81. Kh2 Kf2 82. Kxh3 g1Q 83. Kh4 Kf3 84. Kh5 Kf4 85. Kh6 Kf5 86. Kh7 Kf6 87. Kh8 Qg7# 0-1

[Event "Toronto NAYCC U14"]
[Site "Toronto"]
[Date "2013.08.17"]
[Round "7"]
[White "D'Alonzo, Joseph"]
[Black "Lee, Stefano"]
[Result "0-1"]
[WhiteElo "1228"]
[BlackElo "922"]
[PlyCount "40"]
[EventDate "2013.08.14"]
[EventType "swiss"]
[EventRounds "9"]
[EventCountry "CAN"]
[SourceTitle "EXT 2022"]
[Source "ChessBase"]
[SourceDate "2021.10.06"]
[SourceVersion "1"]
[SourceVersionDate "2021.10.06"]
[SourceQuality "1"]

1. e4 c6 2. d4 d5 3. exd5 cxd5 4. Bd3 Nc6 5. Nf3 Bg4 6. c3 Nf6 7. 0-0 e6 8. Bf4 Be7 9. Nbd2 0-0 10. h3 Bh5 11. Re1 Qb6 12. Rb1 Rac8 13. Nf1 Ne4 14. N1d2 f5 15. Qc2 Nb4 16. Qd1 Nxd3 17. Be5 Nxe1 18. Qxe1 Bxf3 19. Nxf3 Ng5 20. Nd2 f4 0-1

[Event "Toronto NAYCC U14"]
[Site "Toronto"]
[Date "2013.08.17"]
[Round "6"]
[White "Katznelson, Roy"]
[Black "Lee, Stefano"]
[Result "0-1"]
[WhiteElo "998"]
[BlackElo "922"]
[PlyCount "66"]
[EventDate "2013.08.14"]
[EventType "swiss"]
[EventRounds "9"]
[EventCountry "CAN"]
[SourceTitle "EXT 2022"]
[Source "ChessBase"]
[SourceDate "2021.10.06"]
[SourceVersion "1"]
[SourceVersionDate "2021.10.06"]
[SourceQuality "1"]

1. d4 c6 2. e4 d5 3. Nc3 dxe4 4. Nxe4 Bf5 5. Ng3 Bg6 6. h4 h6 7. Nf3 Nf6 8. Bd3 Bxd3 9. Qxd3 e6 10. Be3 Bd6 11. 0-0-0 Nbd7 12. Ne2 a5 13. h5 a4 14. a3 b5 15. Bf4 Nb6 16. Ne5 Qc7 17. Qg3 Rg8 18. f3 Nfd5 19. Bxh6 f6 20. f4 fxe5 21. fxe5 Bf8 22. Qg6+ Qf7 23. Qxf7+ Kxf7 24. Bg5 Be7 25. Rdf1+ Ke8 26. Bxe7 Kxe7 27. Rf3 Raf8 28. Rg3 Rf2 29. Nc3 Nxc3 30. bxc3 Nc4 31. h6 Kf7 32. h7 Rh8 33. Rh4 Rf1# 0-1

[Event "CAN-ch U14"]
[Site "Ottawa"]
[Date "2013.07.11"]
[Round "3"]
[White "Booth, Andrew"]
[Black "Lee, Stefano"]
[Result "0-1"]
[WhiteElo "759"]
[BlackElo "954"]
[PlyCount "74"]
[EventDate "2013.07.10"]
[EventType "swiss"]
[EventRounds "6"]
[EventCountry "CAN"]
[SourceTitle "EXT 2022"]
[Source "ChessBase"]
[SourceDate "2021.10.06"]
[SourceVersion "1"]
[SourceVersionDate "2021.10.06"]
[SourceQuality "1"]

1. d4 c6 2. e4 d5 3. Nc3 dxe4 4. Nxe4 Bf5 5. Nc3 Nf6 6. Bf4 e6 7. Nf3 Bb4 8. h3 0-0 9. Ne5 Ne4 10. g4 Bxc3+ 11. bxc3 Nxc3 12. Qf3 Be4 13. Qxc3 Bxh1 14. Qe3 Qa5+ 15. c3 f6 16. Nc4 Qd5 17. Rb1 Qe4 18. Bd3 Qxe3+ 19. fxe3 c5 20. Bd6 Rd8 21. Ke2 Bd5 22. Bxc5 Nc6 23. Rxb7 Ne5 24. Rb4 Bxc4 25. dxe5 Bxd3+ 26. Kd2 Bc4+ 27. Bd4 Bxa2 28. exf6 gxf6 29. Rb2 Bc4 30. Kc2 e5 31. Bc5 Rd7 32. Rb6 axb6 33. Bxb6 Ra2+ 34. Kc1 Rdd2 35. e4 Rh2 36. Bg1 Rh1 37. Kd1 Rxg1# 0-1

[Event "CAN-ch U14"]
[Site "Ottawa"]
[Date "2013.07.10"]
[Round "2"]
[White "Lee, Stefano"]
[Black "Luo, Alan"]
[Result "0-1"]
[WhiteElo "954"]
[BlackElo "1221"]
[PlyCount "74"]
[EventDate "2013.07.10"]
[EventType "swiss"]
[EventRounds "6"]
[EventCountry "CAN"]
[SourceTitle "EXT 2022"]
[Source "ChessBase"]
[SourceDate "2021.10.06"]
[SourceVersion "1"]
[SourceVersionDate "2021.10.06"]
[SourceQuality "1"]

1. e4 e5 2. Nf3 Nc6 3. Bc4 Nf6 4. d3 Bc5 5. c3 d6 6. d4 Bb6 7. d5 Ne7 8. Bd3 0-0 9. 0-0 Nd7 10. b4 f5 11. Ng5 Nf6 12. exf5 Nxf5 13. Qc2 Nh5 14. g4 Nf4 15. Bxf4 exf4 16. Ne6 Bxe6 17. dxe6 Nh4 18. Bxh7+ Kh8 19. Nd2 Qg5 20. h3 g6 21. e7 Rfe8 22. Bxg6 Nxg6 23. Nf3 Qh6 24. g5 Qh5 25. Rae1 Nh4 26. Nxh4 Qxg5+ 27. Kh2 Qxh4 28. Qg6 Bxf2 29. Rxf2 Qxf2+ 30. Kh1 Qxe1+ 31. Kh2 Qg3+ 32. Qxg3 fxg3+ 33. Kxg3 Rxe7 34. h4 Rg8+ 35. Kh3 Re3+ 36. Kh2 Reg3 37. Kh1 Rh3# 0-1

[Event "CAN-ch U12"]
[Site "Vancouver"]
[Date "2012.07.06"]
[Round "7"]
[White "Lee, Stefano"]
[Black "Hastings, Luke"]
[Result "0-1"]
[WhiteElo "986"]
[BlackElo "896"]
[PlyCount "60"]
[EventDate "2012.07.03"]
[EventType "swiss"]
[EventRounds "7"]
[EventCountry "CAN"]
[SourceTitle "EXT 2022"]
[Source "ChessBase"]
[SourceDate "2021.10.06"]
[SourceVersion "1"]
[SourceVersionDate "2021.10.06"]
[SourceQuality "1"]

1. e4 e5 2. Nf3 Nc6 3. Bc4 Bc5 4. c3 Nf6 5. d4 Bd6 6. a3 b6 7. Nbd2 0-0 8. 0-0 Re8 9. Re1 Bb7 10. Qc2 Qe7 11. Ng5 Kh8 12. Qd3 Ng4 13. Ndf3 f6 14. Nf7+ Kg8 15. Nxd6+ Kh8 16. Nxe8 Rxe8 17. Ba6 Bxa6 18. Qxa6 exd4 19. cxd4 f5 20. Ng5 h6 21. Bf4 hxg5 22. Bxc7 Nxd4 23. Rad1 d5 24. Qf1 dxe4 25. f3 Qc5 26. Rc1 Ne2+ 27. Kh1 Nf2+ 28. Qxf2 Qxf2 29. Rcd1 exf3 30. gxf3 Qxf3# 0-1

[Event "CAN-ch U12"]
[Site "Vancouver"]
[Date "2012.07.04"]
[Round "4"]
[White "Lee, Stefano"]
[Black "Tjia Gan, Nicholas"]
[Result "1-0"]
[WhiteElo "986"]
[BlackElo "870"]
[PlyCount "63"]
[EventDate "2012.07.03"]
[EventType "swiss"]
[EventRounds "7"]
[EventCountry "CAN"]
[SourceTitle "EXT 2022"]
[Source "ChessBase"]
[SourceDate "2021.10.06"]
[SourceVersion "1"]
[SourceVersionDate "2021.10.06"]
[SourceQuality "1"]

1. e4 Nf6 2. e5 Ng8 3. d4 d6 4. Nc3 Nc6 5. Nf3 Bg4 6. h3 Bxf3 7. Qxf3 b6 8. Bb5 Qb8 9. Bxc6+ Kd8 10. Bxa8 Kc8 11. Bc6 Kd8 12. Qxf7 Nh6 13. Bxh6 gxh6 14. 0-0 Bg7 15. Qxg7 Re8 16. Bxe8 Kxe8 17. Qh8+ Kd7 18. Qxb8 dxe5 19. dxe5 a5 20. Rad1+ Kc6 21. Qe8+ Kc5 22. Qxe7+ Kc4 23. Qe6+ Kc5 24. Qd7 Kb4 25. e6 a4 26. Nxa4 b5 27. e7 bxa4 28. e8Q c5 29. Rd3 Ka5 30. Qdd8+ Ka6 31. Rd6+ Kb7 32. Qed7# 1-0

[Event "CAN-ch U12"]
[Site "Vancouver"]
[Date "2012.07.03"]
[Round "2"]
[White "Lee, Stefano"]
[Black "D'Amore, Tyler"]
[Result "1-0"]
[WhiteElo "986"]
[BlackElo "822"]
[PlyCount "85"]
[EventDate "2012.07.03"]
[EventType "swiss"]
[EventRounds "7"]
[EventCountry "CAN"]
[SourceTitle "EXT 2022"]
[Source "ChessBase"]
[SourceDate "2021.10.06"]
[SourceVersion "1"]
[SourceVersionDate "2021.10.06"]
[SourceQuality "1"]

1. e4 e6 2. d4 Qh4 3. Nc3 Nh6 4. g3 Qf6 5. e5 Qe7 6. Nf3 f6 7. Bc4 d5 8. exd6 Qxd6 9. Nb5 Qd8 10. Bxh6 gxh6 11. Qd2 c6 12. Nc3 Qe7 13. 0-0-0 Na6 14. d5 Bd7 15. h4 0-0-0 16. Rhe1 Nb4 17. dxe6 Be8 18. Qe3 Rxd1+ 19. Rxd1 a6 20. g4 b5 21. Bb3 Rg8 22. a3 Nd5 23. Nxd5 cxd5 24. Rxd5 Rxg4 25. Qc5+ Bc6 26. Qxc6+ Qc7 27. Qe8+ Kb7 28. Rd7 Rg7 29. Rxc7+ Rxc7 30. Qxf8 a5 31. e7 Rc8 32. e8Q Rxe8 33. Qxe8 Kb6 34. Qe6+ Kc5 35. Qxf6 a4 36. Ba2 b4 37. axb4+ Kxb4 38. Qf4+ Ka5 39. Qc4 a3 40. Nd4 axb2+ 41. Kxb2 Kb6 42. Qb5+ Kc7 43. Qc6+ 1-0